1920 1717 1257 1971 1571 1487 1052 1712 1420 1879 1863 1743 1547 1100 1623 1265 1006 1364 1722 1015 1010 1033 1459 1161 1340 1636 1161 1130 1180 1359 1039 1346 1607 1311 1043 1621 1829 1118 1399 1166 1319 1943 1181 1188 1302 1165 1172 1388 1221 1106 1025 1320 1382 1142 1718 1521 1111 1518 1536 1654 1254 1180 1331 1205 1268 1818 1039 1148 1576 1203 1598 1330 1187 1001 1554 1561 1474 1235 1311 1358 1753 1874 1314 1214 1311 1184 1141 1619 1362 1051 1275 1725 1354 1555 1400 1245 1088 1946 1140 BCNSPRNW ULIB Ver.6.0+V

เปลี่ยนเป็นภาษาไทย

Change to English
 แสดงรายละเอียดบรรณานุกรม
  กลับหน้าหลัก

Brief Record : Get Marc (ISO 2709) : E-mail record : QR code < ปิดหน้าต่าง
LEADER : 00000nam 2200000uu 4500
001    13399112522
003     ULIB
008    110819s2543||||th 000 0 tha d
020    9742826544
050 04 LB2767^bป325ค 2543
100 0  ประนัย วณิชชานนท์
245 10 คิดทัน รู้ทัน ตามทัน พระราชบัญญัติการศึกษาแห่งชาติ พ.ศ. 2542 /^cประนัย วณิชชานนท์
260    กรุงเทพฯ :^bวิญญูชน,^c2543
300    158 หน้า ;^c21 ซม
650  7 การศึกษา^zไทย^xกฎหมายและระเบียบข้อบังคับ
740 0  พระราชบัญญัติการศึกษาแห่งชาติ พงศ. 2542
945    ^p100^l0^i012855
945    ^p100^l0^i012856
995    ทศพร
999 ^a ทศพร
รายการนี้ยังไม่มีแท็ก
คุณยังไม่ได้ล็อกอิน คุณสามารถมีกิจกรรมร่วมกับเว็บไซต์ได้ แต่ต้องล็อกอินก่อน ::
  ล็อกอิน

รายการสื่อสารสนเทศ

ลำดับที่ ประเภท เลขเรียก/บาร์โค้ด สถานที่ สถานะ
- ไม่พบข้อมูล -

BibComment


ยังไม่เคยถูกคอมเมนท์

คอมเมนท์ทรัพยากรรายการนี้
  คอมเมนท์: คิดทัน รู้ทัน ตาม..


 Copyright 2026. Bcnsprnw @Library